000 00258nam a2200109Ia 4500
008 190216s9999||||xx |||||||||||||| ||und||
100 _aRamakrishnan H T
245 0 _aInternational Relations
260 _bLalitha Prakashan
650 _aHistory
942 _cBK
999 _c20401
_d20401